00442nam a2200169Ia 4500003000400000005001700004008004100021020002900062040001700091082001900108100001900127245005000146250001100196260002500207300001700232650002300249IIN20240618120007.0231217s9999 xx 000 0 und d cRs.795.00a9789386478672 aIINbEnglish a610.7362 bGUP1 aGupta, Piyush 1 aClinical Methods in Pediatrics/cPiyush Gupta a4th ed bCBSaNew Delhic2020 axvii , 665p. aPediatricvNursing